| 000 | 00683nam a2200217 a 4500 | ||
|---|---|---|---|
| 001 | 70084 | ||
| 003 | BD-RjUL | ||
| 005 | 20211209081949.0 | ||
| 008 | 170416s1971 nyua 001 0 eng | ||
| 020 | _a0805336702 | ||
| 035 | _a(BD-RjUL)70296 | ||
| 040 |
_aDLC _cDLC _dEQO _dBD-RjUL _beng |
||
| 041 | _aeng | ||
| 082 |
_a540 _223 _bHAM 1971 |
||
| 245 | 0 | 0 |
_aModels in chemical science : _ban introduction to general chemistry / _c George S. Hammond... [et. al] |
| 260 |
_aNew York : _bW. A. Benjamin, _c1971. |
||
| 300 |
_axiii, 422 p. : _bill. ; _c25 cm. |
||
| 650 | 0 |
_aChemical models. _9207559 |
|
| 700 | 1 |
_aHammond, George S. _q(George Simms), _d1921-2005. _9207560 |
|
| 942 |
_2ddc _cBK |
||
| 999 |
_c70084 _d70084 |
||